Statistics for General Knowledge Quiz #11

Click here to take the quiz!

General Stats

  • This quiz has been taken 94,729 times
    (36,980 since last reset)
  • The average score is 11 of 20

Answer Stats

Question Answer % Correct
What is Dwayne Johnson better known as?The Rock
94%
What religion has the most followers in India?Hinduism
93%
There are 12 animals in the Chinese zodiac. Which one doesn't exist in real life?Dragon
84%
What was prohibited in the U.S. during the Prohibition Era?Sale of Alcohol
80%
What book series features characters named Bella, Edward, and Jacob?Twilight
79%
What giant bird is featured on the coat of arms of Australia?Emu
70%
What is the name for the period between Ash Wednesday and Easter?Lent
64%
What gift is traditionally given on a 25th wedding anniversary?Silver
59%
In what country is Angkor Wat located?Cambodia
57%
What was the most commonly-used writing instrument in the western world
from the 6th-19th centuries?
Quill
56%
In what video game can one do a Tiger Uppercut or a Hadouken?Street Fighter
49%
Who parodied Adolf Hitler in the movie "The Great Dictator"?Charlie Chaplin
45%
What Chicago airport was the busiest in the world until 1998?O'Hare
45%
In what modern-day country was the Peloponnesian War fought?Greece
42%
What equation has this formula: ax2 + bx + c = 0{Quadratic} Equation
42%
What is the capital of Queensland, Australia?Brisbane
40%
What musical duo were caught lip-synching in 1989?Milli Vanilli
31%
Who was the first Christian emperor of Rome?Constantine
31%
What company dominates the diamond industry?De Beers
26%
How do you spell the words “Pig Latin” in Pig Latin?Igpay Atinlay
25%

Score Distribution

Percentile by Number Answered

Percent of People with Each Score

Your Score History

You have not taken this quiz since the last reset